Agenda escolar : Parc del Castell de Montesquiu / Parc del Castell de Montesquiu /
Publicado:
Barcelona :
Diputació de Barcelona. Gerència de Serveis d'Espais Naturals de la Diputació de Barcelona ,
2012
Descripción Física:
volums : il·lustracions ; 21 cm
Colección:
Viu el Parc!
Idioma:
Catalán
MARC
| LEADER | 00000nam a2200000 a 4500 | ||
|---|---|---|---|
| 001 | 25632, 29310 | ||
| 008 | 220524b spa||||| |||| 00| 0 cat d | ||
| 017 | |a B 20658-2017 | ||
| 017 | |a B 14359-2020 | ||
| 017 | |a B 20476-2015 | ||
| 017 | |a B 16813-2016 | ||
| 017 | |a B 20531-2019 | ||
| 017 | |a B 16183-2022 | ||
| 017 | |a B 13614-2024 | ||
| 080 | |a Bib-576 | ||
| 080 | |a Bib-342 | ||
| 080 | |a NBM-13-62 | ||
| 080 | |a NBM-13-188 | ||
| 080 | |a Bib-664 | ||
| 080 | |a Bib-669 | ||
| 080 | |a Bib-124 | ||
| 080 | |a Bib-52 | ||
| 080 | |a NBM-21-2 | ||
| 110 | 1 | |9 52663 |a Parc del Castell de Montesquiu (Catalunya) | |
| 245 | |a Agenda escolar : |b Parc del Castell de Montesquiu / |c Coordinació: Gerència de Serveis d'Espais Naturals de la Diputació de Barcelona | ||
| 260 | |a Barcelona : |b Diputació de Barcelona. Gerència de Serveis d'Espais Naturals de la Diputació de Barcelona, |c 2012- | ||
| 300 | |a volums : |b il·lustracions ; |c 21 cm | ||
| 310 | |a Anual | ||
| 362 | |a 2012-2013 | ||
| 490 | 1 | |a Viu el Parc! | |
| 500 | |a Fins al 2014, il·lustracions: Neus Bruguera i Nadal. | ||
| 500 | |a Des del 2015, il·lustracions de la coberta: Carme Solà Ortega. | ||
| 500 | |a Des del 2024, disseny: Manera Estudi. | ||
| 610 | 1 | 0 | |9 52731 |a Parc del Castell de Montesquiu (Catalunya) |v Calendaris |
| 655 | 0 | |a Agendes | |
| 700 | |9 52416 |a Solà Ortega, Carme |e il·lustrador | ||
| 700 | |9 4999 |a Bruguera i Nadal, Neus |e il·lustrador | ||
| 710 | |a Manera Estudi (Firma) |e disseny |9 73004 | ||
| 710 | 1 | |9 52730 |a Barcelona (Catalunya : Província). |b Gerència de Serveis d’Espais Naturals |e coordinació | |
| 710 | |a Viladraueducacio.com (Firma) |e coordinació |9 73005 | ||
| 830 | 0 | |9 55831 |a Viu el Parc! | |
| 866 | |a 2012-2013 | ||
| 866 | |a 2013-2014 | ||
| 866 | |a 2014-2015 | ||
| 866 | |a 2015-2016 | ||
| 866 | |a 2016-2017 | ||
| 866 | |a 2017-2018 | ||
| 866 | |a 2018-2019 | ||
| 866 | |a 2019-2020 | ||
| 866 | |a 2020-2021 | ||
| 866 | |a 2022-2023 | ||
| 866 | |a 2024-2025 | ||
| 942 | |2 udc |n 1 |c ARXIU | ||
| 952 | |0 0 |1 0 |4 0 |7 1 |9 55271 |a Arxiu |b Arxiu |d 2016-12-01 |h 2013-2014 |o Bib-124 |p 23970 |r 2016-12-01 00:00:00 |w 2016-12-01 |y ARXIU | ||
| 952 | |0 0 |1 0 |4 0 |7 1 |9 55868 |a Arxiu |b Arxiu |d 2016-12-01 |h 2012-2013 |o Bib-52 |p 23805 |r 2016-12-01 00:00:00 |w 2016-12-01 |y ARXIU | ||
| 952 | |0 0 |1 0 |4 0 |6 BIB342 |7 1 |9 60842 |a Arxiu |b Arxiu |d 2021-11-22 |h 2018-2019 |o Bib-342 |p 25027 |r 2021-11-22 00:00:00 |w 2021-11-22 |y ARXIU | ||
| 952 | |0 0 |1 0 |4 0 |7 1 |9 61457 |a Arxiu |b Arxiu |d 2022-05-02 |h 2020-2021 |o NBM-13-62 |p 25378 |r 2022-05-02 00:00:00 |w 2022-05-02 |y ARXIU | ||
| 952 | |0 0 |1 0 |4 0 |7 1 |9 62017 |a Arxiu |b Arxiu |d 2022-05-24 |h 2017-2018 |o Bib-576 |p 25632 |r 2022-05-24 00:00:00 |w 2022-05-24 |y ARXIU | ||
| 952 | |0 0 |1 0 |4 0 |7 1 |9 62153 |a Arxiu |b Arxiu |d 2022-06-02 |h 2015-2016 |o NBM-13-188 |p 25763 |r 2022-06-02 00:00:00 |w 2022-06-02 |y ARXIU | ||
| 952 | |0 0 |1 0 |4 0 |7 1 |9 62382 |a Arxiu |b Arxiu |d 2022-06-14 |h 2016-2017 |o Bib-664 |p 25923 |r 2022-06-14 00:00:00 |w 2022-06-14 |y ARXIU | ||
| 952 | |0 0 |1 0 |4 0 |7 1 |9 62419 |a Arxiu |b Arxiu |d 2022-06-15 |h 2019-2020 |o Bib-669 |p 25954 |r 2022-06-15 00:00:00 |w 2022-06-15 |y ARXIU | ||
| 952 | |0 0 |1 0 |4 0 |6 NBM1454 |7 1 |9 62784 |a Arxiu |b Arxiu |d 2022-07-14 |h 2014-2015 |l 0 |o NBM-14-54 |p 26239 |r 2022-07-14 00:00:00 |w 2022-07-14 |y ARXIU | ||
| 952 | |0 0 |1 0 |2 udc |4 0 |6 NBM171 |7 1 |9 65956 |a Arxiu |b Arxiu |d 2023-04-04 |h 2022-2023 |l 0 |o NBM-17-1 |p 27659 |r 2023-04-04 00:00:00 |w 2023-04-04 |y ARXIU | ||
| 952 | |0 0 |1 0 |2 udc |4 0 |6 NBM212 |7 1 |9 99057 |a Arxiu |b Arxiu |d 2026-02-03 |h 2024-2025 |l 0 |o NBM-21-2 |p 29310 |r 2026-02-03 11:49:03 |w 2026-02-03 |y ARXIU | ||
| 999 | |c 81733 |d 81733 | ||